[Event "Wch U14 Girls"]
[Site "Montesilvano"]
[Date "2023.11.21"]
[Round "8"]
[White "Cutiyog, Jirah Floravie"]
[Black "Derlich, Sarah Sima"]
[Result "0-1"]
[WhiteElo "1305"]
[BlackElo "1745"]
[PlyCount "62"]
[EventDate "2023.11.13"]
[EventType "swiss"]
[EventRounds "11"]
[EventCountry "ITA"]
[SourceTitle "CB48_2023"]
[SourceDate "2023.11.29"]
[SourceVersion "1"]
[SourceVersionDate "2023.11.29"]
[SourceQuality "1"]

1. e4 c6 2. d4 d5 3. e5 c5 4. dxc5 e6 5. b4 a5 6. c3 axb4 7. cxb4 b6 8. Bb5+ Bd7 9. Bxd7+ Nxd7 10. Nf3 bxc5 11. bxc5 Bxc5 12. 0-0 Ne7 13. Qe2 Nf5 14. Nbd2 0-0 15. Nb3 Qc7 16. g4 Ne7 17. Be3 Bxe3 18. Qxe3 Ng6 19. Rfc1 Qb8 20. Re1 Rc8 21. Nbd4 Rc4 22. Rab1 Qc7 23. Rb2 Ndxe5 24. Nxe5 Qxe5 25. Reb1 Qxd4 26. Rb8+ Rxb8 27. Rxb8+ Nf8 28. Qa3 Qd1+ 29. Kg2 Rxg4+ 30. Kh3 h5 31. Rxf8+ Kh7 0-1

[Event "Wch U14 Girls"]
[Site "Montesilvano"]
[Date "2023.11.16"]
[Round "4"]
[White "Cutiyog, Jirah Floravie"]
[Black "Jankovic, Tamara"]
[Result "1/2-1/2"]
[WhiteElo "1305"]
[BlackElo "1711"]
[PlyCount "78"]
[EventDate "2023.11.13"]
[EventType "swiss"]
[EventRounds "11"]
[EventCountry "ITA"]
[SourceTitle "CB48_2023"]
[SourceDate "2023.11.29"]
[SourceVersion "1"]
[SourceVersionDate "2023.11.29"]
[SourceQuality "1"]

1. e4 c5 2. Nf3 d6 3. d4 cxd4 4. Nxd4 Nf6 5. Nc3 Nc6 6. Bg5 e6 7. Qd2 a6 8. 0-0-0 h6 9. Be3 Bd7 10. f3 b5 11. a3 Nxd4 12. Qxd4 e5 13. Qd2 Qa5 14. Nd5 Qxd2+ 15. Rxd2 Nxd5 16. Rxd5 Be6 17. Rd2 Be7 18. Be2 0-0 19. Rhd1 Rac8 20. Kb1 Rc6 21. f4 f6 22. f5 Bc4 23. b3 Bxe2 24. Rxe2 Rfc8 25. Rd5 Kf7 26. Rd3 Bd8 27. Bf2 Bb6 28. Bxb6 Rxb6 29. Red2 Rcc6 30. Kb2 Ke8 31. Rg3 Rb7 32. Rdd3 Kd8 33. Rc3 Rxc3 34. Kxc3 a5 35. Kd3 Rc7 36. c3 Kc8 37. h4 Kb7 38. Kc2 Kc6 39. Rd3 Rd7 1/2-1/2

[Event "Wch U14 Girls"]
[Site "Montesilvano"]
[Date "2023.11.14"]
[Round "2"]
[White "Cutiyog, Jirah Floravie"]
[Black "Gaszka, Zuzanna"]
[Result "1-0"]
[WhiteElo "1305"]
[BlackElo "1758"]
[PlyCount "84"]
[EventDate "2023.11.13"]
[EventType "swiss"]
[EventRounds "11"]
[EventCountry "ITA"]
[SourceTitle "CB48_2023"]
[SourceDate "2023.11.29"]
[SourceVersion "1"]
[SourceVersionDate "2023.11.29"]
[SourceQuality "1"]

1. e4 c6 2. d4 d5 3. e5 c5 4. dxc5 e6 5. b4 Nc6 6. Bb5 Nge7 7. Nf3 Bd7 8. Bxc6 Nxc6 9. c3 a5 10. Bd2 Qc7 11. Qe2 g6 12. 0-0 Bg7 13. Re1 axb4 14. cxb4 0-0 15. Bc3 Ra4 16. a3 Rfa8 17. Qb2 Na7 18. Qb3 Bb5 19. Bd4 Nc6 20. Nc3 Nxd4 21. Nxd4 Bc4 22. Qb2 R4a6 23. Ncb5 Qe7 24. Nd6 Qg5 25. N4b5 Rc6 26. Nxc4 dxc4 27. Qd4 Rd8 28. Nd6 b6 29. h4 Qe7 30. Qxc4 bxc5 31. bxc5 Qc7 32. Rac1 Bf8 33. Red1 Ra8 34. Rd3 Ra5 35. Qf4 Raxc5 36. Rxc5 Rxc5 37. Rf3 Bxd6 38. exd6 Qb7 39. Qf6 Rd5 40. Qe7 Qc8 41. Rxf7 Qc1+ 42. Kh2 Qc5 1-0